Février - Un jour, un prénom, une personnalité - Statistiques

Statistiques générales
  • Ce quiz a été pris 76 fois
  • Le résultat moyen est 6 sur 29
Statistiques - réponses
Jour Saint(e) Indice Initiale Nom % Correct
4 Vanessa Chanteuse P Paradis
96%
25 Nestor Détective de fiction B Burma
58%
1 Ella Chanteuse F Fitzgerald
55%
23 Alexandre Ecrivain D Dumas
54%
28 Romain Acteur D Duris
51%
6 Gaston Editeur G Gallimard
36%
26 Alexandre Président M Millerand
33%
3 Blaise Ecrivain C Cendrars
29%
17 Alexis Dresseur G Gruss
29%
29 Auguste Cuisinier E Escoffier
26%
5 Agathe Animatrice L Lecaron
23%
9 Miguel Ecrivain C de Cervantès
14%
18 François-Régis Critique gastronomique G Gaudry
13%
10 Arnaud Acteur G Gidoin
12%
8 Jacqueline Speakerine C Caurat
9%
16 Lucile Révolutionnaire D Desmoulins
7%
24 Modeste Compositeur M Moussorgski
4%
7 Eugènie Cavalière A Angot
1%
13 Tancrède Peintre A Abraham
0%
22 Isabelle Actrice B Breitman
0%
27 Honorine Actrice C Crosnier
0%
12 Victoire Mannequin D Doutreleau
0%
19 Philotée Ecrivain G Gaymard
0%
21 Pierre-Damien Philosophe H Huyghe
0%
20 Aimée Cantatrice M Mortimer
0%
2 Théophane Poète P Prokopovitch
0%
15 Onésime Géographe R Reclus
0%
14 Valentin Humoriste S Sardou
0%
11 Héloïse Actrice W Wagner
0%
Aucun quiz correspondant
Distribution des résultats
% des personnes avec chaque résultat
Percentile par nombre de réponses
Votre historique - résultats
Vous n’avez pas pris ce quiz